000 00282nam a2200121Ia 4500
008 190216s9999||||xx |||||||||||||| ||und||
100 _aGupta S C
245 0 _aFundamentals Of Statistics
260 _bHimalaya Publishing House
300 _a1163
650 _aCommerce
942 _cBK
999 _c7192
_d7192